000 00620nam a2200217Ia 4500
003 GCL
008 140319s9999 xx 000 0 ara d
040 _aGCL /
_cGCL
082 0 4 _aط
_b355.00962
_bا ج
100 1 _aاسماعيل عبدالفتاح
245 1 0 _aالجيش المصرى درع وسيف /
_cاسماعيل عبدالفتاح
300 _a30 ص
490 _aسلسلة رموز مصرية
_v0
650 0 4 _aالاطفال
650 0 4 _aالنيل
650 0 4 _aالجيش المصرى
650 0 4 _aالاهرام
650 0 4 _aثور مصر
650 0 4 _aثورة مصر
942 _2ddc
_cBK
999 _c51480
_d51480